LEADER 01346nam a2200277 i 4500 001 000000142106 003 CaOOAMICUS 005 20050829000000.0 008 050829s1993 it u000 u ita u 013 $a117300 020 $a88-06-13301-2 040 $aSeMil$bita 100 1 $aGregotti, Vittorio.$0(OLS)http://semarc/name/18264 245 13$aLa cittą visibile :$bFrammenti di disegno della cittą ordinati e catalogati secondo i principī dell'architettura della modificazione contestuale /$cVittorio Gregotti. 260 $aTorino :$bEinaudi,$cCopyr. 1993. 300 $aXV, 202 p. :$bill. ;$c19 cm. 490 0 $aPiccola biblioteca Einaudi ;$v595. 650 4$aArchitettura.$0(OLS)http://semarc/subject/1916 650 4$aUrbanistica.$0(OLS)http://semarc/subject/9154 830 0$aPiccola biblioteca Einaudi ;$v595.$0(OLS)http://semarc/title/11221 850 $aSeMil 852 $aSeMil$W1$xVenegono$y1$m5N I 82$j95295$B95295$CSeMilBibl$Z2$F102485 $81 961 $aOmaggio: Bressan don Luca 996 $6020$a88-06-13301-2$9(OLS)http://semarc/number/130370 996 $6245$aLa cittą visibile :$bFrammenti di disegno della cittą ordinati e catalogati secondo i principī dell'architettura della modificazione contestuale$9(OLS)http://semarc/title/207729 996 $6260$aTorino :$bEinaudi$9(OLS)http://semarc/publisher/29884 LEADER 01022nam a2200217 i 4500 001 000000235895 003 CaOOAMICUS 005 20141118000000.0 008 141118s1963 it u000 u ita u 013 $a214799 040 $aSeMil$bita 100 1 $aFossati, Giuseppe.$0(OLS)http://semarc/name/39378 245 13$aIl cinema e l'uomo :$bil reciproco influsso tra il cinema e l'uomo alla luce del Magistero e delle Direttive della Chiesa /$cGiuseppe Fossati. 260 $aMilano :$bVita e Pensiero,$cstampa 1963. 300 $aVIII, 320 p. ;$c24 cm. 500 $aContiene : Bibliografia. 650 4$aCinema - Aspetti sociali.$0(OLS)http://semarc/subject/18816 850 $aSeMil 852 $aSeMil$W1$xVenegono$y1$m3M V 128$j186241$B186241$CSeMilBibl$Z2$F197104 $81 996 $6245$aIl cinema e l'uomo :$bil reciproco influsso tra il cinema e l'uomo alla luce del Magistero e delle Direttive della Chiesa$9(OLS)http://semarc/title/336174 996 $6260$aMilano :$bVita e Pensiero$9(OLS)http://semarc/publisher/29642